[Event "Torquay Rowena Challengers"]
[Site "Torquay"]
[Date "2019.09.06"]
[Round "6"]
[White "Torrance, John"]
[Black "Gibbs, Daniel C"]
[Result "1/2-1/2"]
[WhiteElo "1514"]
[BlackElo "1812"]
[PlyCount "83"]
[EventDate "2019.09.01"]
[EventType "swiss"]
[EventRounds "7"]
[EventCountry "ENG"]
[SourceTitle "CBM 192 Extra"]
[Source "Chessbase"]
[SourceDate "2019.11.06"]
[SourceVersion "1"]
[SourceVersionDate "2019.11.06"]
[SourceQuality "1"]

1. e4 g6 2. d4 Bg7 3. f4 d5 4. e5 Nh6 5. c3 0-0 6. Nf3 f6 7. Be2 c5 8. 0-0 Bg4 9. dxc5 fxe5 10. Nxe5 Bxe2 11. Qxe2 Nf7 12. Nf3 Nd7 13. Be3 Qc7 14. Nbd2 Nxc5 15. Nd4 Rfe8 16. Nb5 Qc8 17. Bd4 a6 18. Bxg7 Kxg7 19. Nd4 e5 20. fxe5 Nxe5 21. Qf2 Ncd3 22. Qf6+ Kg8 23. N2f3 Rf8 24. Qe6+ Qxe6 25. Nxe6 Nxf3+ 26. Rxf3 Rxf3 27. gxf3 Re8 28. Rd1 Nxb2 29. Rb1 Nc4 30. Nd4 Re7 31. Kf2 Kf7 32. Nc2 Ne5 33. Nb4 Rd7 34. Re1 Kf6 35. Ke3 g5 36. Nd3 Nxd3 37. Kxd3 Re7 38. Rb1 Ke5 39. Rb6 Rf7 40. Ke3 Rc7 41. Kd3 Rf7 42. Ke3 1/2-1/2

[Event "Torquay Rowena Challengers"]
[Site "Torquay"]
[Date "2019.09.01"]
[Round "1"]
[White "Gibbs, Daniel C"]
[Black "Germes, Alain"]
[Result "0-1"]
[WhiteElo "1812"]
[BlackElo "1864"]
[PlyCount "103"]
[EventDate "2019.09.01"]
[EventType "swiss"]
[EventRounds "7"]
[EventCountry "ENG"]
[SourceTitle "CBM 192 Extra"]
[Source "Chessbase"]
[SourceDate "2019.11.06"]
[SourceVersion "1"]
[SourceVersionDate "2019.11.06"]
[SourceQuality "1"]

1. Nf3 d5 2. b3 c6 3. Bb2 Bf5 4. g3 e6 5. Bg2 Nf6 6. d3 h6 7. 0-0 Be7 8. Nbd2 0-0 9. Ne5 Nbd7 10. e4 Bh7 11. f4 a5 12. Nxd7 Qxd7 13. e5 Ne8 14. g4 a4 15. bxa4 Nc7 16. Nf3 Rxa4 17. c4 Rfa8 18. g5 Rxa2 19. Rxa2 Rxa2 20. Qb3 Ra6 21. gxh6 gxh6 22. Bh3 b5 23. cxb5 Nxb5 24. Kh1 Ba3 25. Rg1+ Kh8 26. Nd4 Bxb2 27. Qxb2 Ra8 28. Nxb5 cxb5 29. f5 d4 30. fxe6 fxe6 31. Qb3 Qd5+ 32. Qxd5 exd5 33. Bg2 Re8 34. e6 Rxe6 35. Bxd5 Re5 36. Bc6 Bxd3 37. Rg4 Rc5 38. Rxd4 Rxc6 39. Rxd3 Rb6 40. Kg2 Kg7 41. Kf3 Kf6 42. Kf4 b4 43. Rh3 Kg6 44. Rg3+ Kf7 45. Rb3 Ke6 46. Ke4 h5 47. Kd4 Kf5 48. Kc5 Rb8 49. Rxb4 Rxb4 50. Kxb4 Kg4 51. Kc4 Kh3 52. Kd3 0-1

[Event "GBR-ch 50+ 106th"]
[Site "Torquay"]
[Date "2019.08.01"]
[Round "4"]
[White "Wells, Jonathan C"]
[Black "Gibbs, Daniel C"]
[Result "1/2-1/2"]
[WhiteElo "2004"]
[BlackElo "1812"]
[PlyCount "37"]
[EventDate "2019.07.29"]
[EventType "swiss"]
[EventRounds "7"]
[EventCountry "ENG"]
[SourceTitle "EXT 2020"]
[Source "ChessBase"]
[SourceDate "2019.10.17"]
[SourceVersion "1"]
[SourceVersionDate "2019.10.17"]
[SourceQuality "1"]

1. d4 d6 2. Nf3 Nf6 3. g3 Nbd7 4. c4 e5 5. Nc3 Be7 6. Bg2 0-0 7. 0-0 c6 8. e4 a6 9. d5 cxd5 10. cxd5 b5 11. b4 Nb6 12. Nd2 Bd7 13. Re1 Rc8 14. Qb3 Rc7 15. Nd1 Ng4 16. f3 Nh6 17. Ne3 Bg5 18. Ndf1 f5 19. Bd2 1/2-1/2

[Event "GBR-ch Soanes op 106th"]
[Site "Torquay"]
[Date "2019.07.28"]
[Round "4"]
[White "Gibbs, Daniel C"]
[Black "Sellick, Simon C"]
[Result "1-0"]
[WhiteElo "1812"]
[BlackElo "1512"]
[PlyCount "50"]
[EventDate "2019.07.26"]
[EventType "swiss"]
[EventRounds "5"]
[EventCountry "ENG"]
[SourceTitle "EXT 2021"]
[Source "ChessBase"]
[SourceDate "2020.10.23"]
[SourceVersion "1"]
[SourceVersionDate "2020.10.23"]
[SourceQuality "1"]

1. d4 Nf6 2. Bg5 h6 3. Bxf6 gxf6 4. c3 e6 5. e3 b6 6. Qa4 Bb7 7. Nd2 Bc6 8. Qc2 Bb7 9. Ne2 c5 10. 0-0-0 cxd4 11. exd4 Na6 12. Ng3 Nb4 13. Qb3 Rc8 14. Kb1 Nd5 15. Re1 Nf4 16. Nf5 Rg8 17. Bb5 Rxg2 18. Ne4 Bxe4+ 19. Rxe4 Rxf2 20. Rhe1 Nd5 21. Qxd5 e5 22. Rxe5+ fxe5 23. Rxe5+ Be7 24. Rxe7+ Qxe7 25. Nxe7 Rf1+ 1-0

[Event "GBR-ch Soanes op 106th"]
[Site "Torquay"]
[Date "2019.07.26"]
[Round "1"]
[White "Fowler, David J"]
[Black "Gibbs, Daniel C"]
[Result "1-0"]
[WhiteElo "1620"]
[BlackElo "1812"]
[PlyCount "41"]
[EventDate "2019.07.26"]
[EventType "swiss"]
[EventRounds "5"]
[EventCountry "ENG"]
[SourceTitle "EXT 2021"]
[Source "ChessBase"]
[SourceDate "2020.10.23"]
[SourceVersion "1"]
[SourceVersionDate "2020.10.23"]
[SourceQuality "1"]

1. e4 d6 2. Nc3 Nf6 3. f4 g6 4. Nf3 Bg7 5. Bc4 0-0 6. 0-0 c6 7. d3 b5 8. Bb3 a5 9. a3 Nbd7 10. f5 a4 11. Ba2 b4 12. axb4 Qb6+ 13. Kh1 Qxb4 14. fxg6 hxg6 15. Qe1 Qc5 16. Be3 Qh5 17. Bb3 a3 18. Rxa3 Rxa3 19. bxa3 Ng4 20. Bd2 Bf6 21. Qg3 1-0

[Event "Torquay Paignton Bloodworth op"]
[Site "Torquay"]
[Date "2018.09.06"]
[Round "5"]
[White "Gibbs, Daniel C"]
[Black "Crouch, Timothy J"]
[Result "1-0"]
[WhiteElo "147"]
[BlackElo "123"]
[PlyCount "67"]
[EventDate "2018.09.02"]
[EventType "swiss"]
[EventRounds "7"]
[EventCountry "ENG"]
[SourceTitle "CBM 187 Extra"]
[Source "ChessBase"]
[SourceDate "2018.11.04"]
[SourceVersion "1"]
[SourceVersionDate "2018.11.04"]
[SourceQuality "1"]

1. d4 d5 2. Nf3 Bf5 3. c4 e6 4. Nc3 c6 5. e3 Nf6 6. Be2 Bd6 7. 0-0 0-0 8. h3 Nbd7 9. Bd3 Ne4 10. Bxe4 Bxe4 11. Nxe4 dxe4 12. Nd2 f5 13. f3 exf3 14. Nxf3 Qc7 15. c5 Be7 16. Qb3 Rf6 17. Ng5 Nf8 18. e4 Kh8 19. e5 Rg6 20. Nf7+ Kg8 21. Rxf5 b6 22. Nd6 bxc5 23. dxc5 Rb8 24. Qc4 Qa5 25. Rf1 Nd7 26. Be3 Nxe5 27. Qe4 Bxd6 28. cxd6 Qd5 29. Qxd5 exd5 30. b3 Rxd6 31. Bxa7 Rf8 32. Rxf8+ Kxf8 33. Bc5 Ke7 34. Re1 1-0

[Event "Torquay Paignton Bloodworth op"]
[Site "Torquay"]
[Date "2018.09.03"]
[Round "2"]
[White "Gibbs, Daniel C"]
[Black "Blencowe, Ian P"]
[Result "1/2-1/2"]
[WhiteElo "147"]
[BlackElo "123"]
[PlyCount "44"]
[EventDate "2018.09.02"]
[EventType "swiss"]
[EventRounds "7"]
[EventCountry "ENG"]
[SourceTitle "CBM 187 Extra"]
[Source "ChessBase"]
[SourceDate "2018.11.04"]
[SourceVersion "1"]
[SourceVersionDate "2018.11.04"]
[SourceQuality "1"]

1. d4 d5 2. Bf4 Bf5 3. e3 c6 4. c4 e6 5. Nc3 Nf6 6. Nf3 Ne4 7. Nxe4 Bxe4 8. Qb3 Qa5+ 9. Kd1 Qb4 10. Qxb4 Bxb4 11. c5 Ba5 12. Bd6 Bxf3+ 13. gxf3 Bd8 14. Rg1 g6 15. Rc1 Be7 16. Bf4 0-0 17. Rc3 Nd7 18. Bh3 Rfc8 19. Bf1 Bd8 20. a4 Bc7 21. Bg3 Bxg3 22. hxg3 Rc7 1/2-1/2

[Event "BCF-ch Week2 PM op"]
[Site "Bournemouth"]
[Date "2016.08.02"]
[Round "2"]
[White "Gibbs, Daniel C"]
[Black "Wiltshir, Richard"]
[Result "1-0"]
[WhiteElo "1819"]
[BlackElo "1662"]
[PlyCount "35"]
[EventDate "2016.08.01"]
[EventType "swiss"]
[EventRounds "5"]
[EventCountry "ENG"]
[SourceTitle "CBM 173 Extra"]
[Source "ChessBase"]
[SourceDate "2016.08.29"]
[SourceVersion "1"]
[SourceVersionDate "2016.08.29"]
[SourceQuality "1"]

1. d4 c6 2. Nf3 Nf6 3. c4 g6 4. Nc3 Bg7 5. e4 d6 6. h3 0-0 7. Be3 a6 8. Be2 b5 9. e5 Nfd7 10. exd6 exd6 11. 0-0 b4 12. Na4 a5 13. Rc1 Nf6 14. Re1 Nbd7 15. Bf4 d5 16. cxd5 cxd5 17. Bc7 Qe7 18. Bc4 1-0

[Event "BCF-ch Week2 PM op"]
[Site "Bournemouth"]
[Date "2016.08.01"]
[Round "1"]
[White "Ray, Hiya"]
[Black "Gibbs, Daniel C"]
[Result "1/2-1/2"]
[WhiteElo "1442"]
[BlackElo "1819"]
[PlyCount "49"]
[EventDate "2016.08.01"]
[EventType "swiss"]
[EventRounds "5"]
[EventCountry "ENG"]
[SourceTitle "CBM 173 Extra"]
[Source "ChessBase"]
[SourceDate "2016.08.29"]
[SourceVersion "1"]
[SourceVersionDate "2016.08.29"]
[SourceQuality "1"]

1. d4 d5 2. Nf3 Bf5 3. c4 e6 4. g3 c6 5. Bg2 Nf6 6. 0-0 h6 7. e3 Nbd7 8. Nbd2 Bd3 9. Re1 dxc4 10. Qa4 Nb6 11. Qd1 Bb4 12. Ne5 Bh7 13. Qe2 c3 14. Ndc4 cxb2 15. Bxb2 Bxe1 16. Rxe1 Nxc4 17. Qxc4 0-0 18. Rc1 Be4 19. Bxe4 Nxe4 20. Qb4 a5 21. Qxb7 Rb8 22. Qxc6 Rxb2 23. Qxe4 Rxa2 24. Qb1 Ra4 25. Nc6 1/2-1/2

[Event "Crawley e2e4 Gatwick op U1850"]
[Site "Crawley"]
[Date "2016.05.30"]
[Round "6"]
[White "Everett, Joe"]
[Black "Gibbs, Daniel C"]
[Result "1-0"]
[WhiteElo "1795"]
[BlackElo "1798"]
[PlyCount "47"]
[EventDate "2016.05.27"]
[EventType "swiss"]
[EventRounds "7"]
[EventCountry "ENG"]
[SourceTitle "EXT 2019"]
[Source "ChessBase"]
[SourceDate "2018.10.10"]
[SourceVersion "1"]
[SourceVersionDate "2018.10.10"]
[SourceQuality "1"]

1. e4 d5 2. exd5 Qxd5 3. Nc3 Qd8 4. Nf3 Bg4 5. d4 Nf6 6. Be3 e6 7. Be2 Be7 8. Qd2 c6 9. 0-0-0 0-0 10. h3 Bxf3 11. Bxf3 Nbd7 12. Kb1 Qa5 13. Nd5 Qd8 14. Nxe7+ Qxe7 15. g4 Nb6 16. g5 Nfd5 17. Be2 Nxe3 18. Qxe3 Nd5 19. Qg3 Qc7 20. Qg4 b5 21. h4 g6 22. h5 Qf4 23. Qh3 Qxg5 24. hxg6 1-0

[Event "Crawley e2e4 Gatwick op U1850"]
[Site "Crawley"]
[Date "2016.05.30"]
[Round "7"]
[White "Gibbs, Daniel C"]
[Black "Heath, David R"]
[Result "1-0"]
[WhiteElo "1798"]
[BlackElo "1647"]
[PlyCount "57"]
[EventDate "2016.05.27"]
[EventType "swiss"]
[EventRounds "7"]
[EventCountry "ENG"]
[SourceTitle "EXT 2019"]
[Source "ChessBase"]
[SourceDate "2018.10.10"]
[SourceVersion "1"]
[SourceVersionDate "2018.10.10"]
[SourceQuality "1"]

1. d4 Nf6 2. c4 e6 3. Nc3 Bb4 4. e3 c5 5. Nge2 0-0 6. a3 Bxc3+ 7. Nxc3 cxd4 8. exd4 d6 9. Bg5 Nbd7 10. Be2 h6 11. Bh4 Qb6 12. 0-0 e5 13. dxe5 dxe5 14. b4 a6 15. c5 Qe6 16. Bf3 Qc4 17. Bxf6 Nxf6 18. Rc1 Qh4 19. Re1 Re8 20. Ne4 Ng4 21. Bxg4 Bxg4 22. f3 Rad8 23. Qe2 Be6 24. Nd6 Qd4+ 25. Qe3 Rxd6 26. cxd6 Qxd6 27. Qxe5 Qd3 28. Re3 Qd2 29. Qc3 1-0

[Event "Crawley e2e4 Gatwick op U1850"]
[Site "Crawley"]
[Date "2016.05.29"]
[Round "5"]
[White "Gibbs, Daniel C"]
[Black "Willett, Greg Murray"]
[Result "0-1"]
[WhiteElo "1798"]
[BlackElo "1690"]
[PlyCount "122"]
[EventDate "2016.05.27"]
[EventType "swiss"]
[EventRounds "7"]
[EventCountry "ENG"]
[SourceTitle "EXT 2019"]
[Source "ChessBase"]
[SourceDate "2018.10.10"]
[SourceVersion "1"]
[SourceVersionDate "2018.10.10"]
[SourceQuality "1"]

1. d4 g6 2. c4 Bg7 3. Nc3 c5 4. d5 Bxc3+ 5. bxc3 f5 6. Qa4 Nf6 7. Bh6 Rg8 8. h4 Qb6 9. Qa3 d6 10. e3 Qa6 11. Qxa6 Nxa6 12. f3 e6 13. dxe6 Bxe6 14. Bg5 Nd7 15. Rd1 Nb6 16. Rxd6 Bxc4 17. Bxc4 Nxc4 18. Re6+ Kd7 19. Re7+ Kc6 20. Rxh7 b5 21. Ne2 Nc7 22. Kf2 a5 23. Rd1 Nd5 24. e4 fxe4 25. fxe4 Raf8+ 26. Kg3 Nf6 27. Bxf6 Rxf6 28. Rdd7 Re8 29. Rhe7 Rxe7 30. Rxe7 Kd6 31. Re8 b4 32. cxb4 axb4 33. Nf4 Ne5 34. Nd5 Rf7 35. Rb8 Nc6 36. Rg8 Ne5 37. Nf4 Ra7 38. Nxg6 Nxg6 39. Rxg6+ Ke5 40. h5 Rxa2 41. h6 Ra8 42. Rg5+ Kd4 43. Rd5+ Kc4 44. Rd7 b3 45. Rb7 Kc3 46. Kf4 b2 47. g4 Kc2 48. g5 c4 49. g6 b1Q 50. Rxb1 Kxb1 51. g7 c3 52. h7 c2 53. h8Q c1Q+ 54. Kf5 Qc5+ 55. e5 Qf2+ 56. Ke6 Ra6+ 57. Kd5 Qf3+ 58. Kd4 Ra4+ 59. Kc5 Qe3+ 60. Kd6 Qb6+ 61. Kd5 Rd4# 0-1

[Event "Crawley e2e4 Gatwick op"]
[Site "Crawley"]
[Date "2016.02.21"]
[Round "5"]
[White "Lie, Terje"]
[Black "Gibbs, Daniel C"]
[Result "1-0"]
[WhiteElo "1601"]
[BlackElo "1821"]
[PlyCount "57"]
[EventDate "2016.02.19"]
[EventType "swiss"]
[EventRounds "5"]
[EventCountry "ENG"]
[SourceTitle "CBM 171 Extra"]
[Source "ChessBase"]
[SourceDate "2016.04.26"]
[SourceVersion "1"]
[SourceVersionDate "2016.04.26"]
[SourceQuality "1"]

1. d4 Nf6 2. c4 c5 3. d5 b5 4. f3 e6 5. e4 exd5 6. cxd5 Bd6 7. Bxb5 0-0 8. Nc3 Re8 9. Nge2 Nh5 10. Be3 f5 11. Qd2 Na6 12. Bc4 Rb8 13. Nf4 Nxf4 14. Bxf4 Bxf4 15. Qxf4 Rxb2 16. 0-0 Qf6 17. d6+ Kh8 18. Nd5 Qd4+ 19. Ne3 Nb4 20. Rfd1 Qf6 21. Qxf5 Qd8 22. Qxc5 Rf8 23. Rab1 Qf6 24. Rxb2 Qxb2 25. Qd4 Qxd4 26. Rxd4 Nc6 27. Rd2 Ne5 28. Bb3 Rxf3 29. Rc2 1-0

[Event "Crawley e2e4 Gatwick op"]
[Site "Crawley"]
[Date "2016.02.20"]
[Round "2"]
[White "Moreby, James"]
[Black "Gibbs, Daniel C"]
[Result "1/2-1/2"]
[WhiteElo "2048"]
[BlackElo "1821"]
[PlyCount "110"]
[EventDate "2016.02.19"]
[EventType "swiss"]
[EventRounds "5"]
[EventCountry "ENG"]
[SourceTitle "CBM 171 Extra"]
[Source "ChessBase"]
[SourceDate "2016.04.26"]
[SourceVersion "1"]
[SourceVersionDate "2016.04.26"]
[SourceQuality "1"]

1. e4 d5 2. exd5 Qxd5 3. Nc3 Qd8 4. Bc4 Nf6 5. Nf3 e6 6. 0-0 a6 7. d4 Be7 8. Qe2 0-0 9. Rd1 c6 10. Bd3 Qc7 11. Ne4 Nbd7 12. Ng3 Bd6 13. Ng5 h6 14. N5e4 Nxe4 15. Qxe4 Nf6 16. Qf3 Nd5 17. c4 Bxg3 18. hxg3 Ne7 19. Bf4 Qd8 20. g4 g5 21. Be5 f6 22. Bh2 f5 23. Qh3 Kh7 24. Rac1 Ng6 25. d5 fxg4 26. Bxg6+ Kxg6 27. Qd3+ Kh5 28. d6 Bd7 29. Qh7 Qf6 30. Bg3 Rf7 31. Qe4 Qf5 32. Qd4 c5 33. Qc3 Bc6 34. Re1 Rd8 35. Re5 Qf6 36. Rxc5 Qxc3 37. Rxc3 Rf5 38. Rxf5 exf5 39. Be5 Re8 40. Re3 f4 41. Re1 Kg6 42. Kf1 f3 43. gxf3 gxf3 44. Bg3 Rxe1+ 45. Kxe1 Kf5 46. Kd2 h5 47. Ke3 h4 48. Bh2 Kg4 49. b4 Kh3 50. Be5 Kg2 51. a4 h3 52. b5 Bd7 53. Bg3 h2 54. Bxh2 Kxh2 55. Kxf3 Kh3 1/2-1/2

[Event "Hastings Masters op 91st"]
[Site "Hastings"]
[Date "2016.01.01"]
[Round "5"]
[White "Anderson, John"]
[Black "Gibbs, Daniel C"]
[Result "1-0"]
[WhiteElo "2247"]
[BlackElo "1796"]
[PlyCount "59"]
[EventDate "2015.12.28"]
[EventType "swiss"]
[EventRounds "9"]
[EventCountry "ENG"]
[SourceTitle "CBM 170 Extra"]
[Source "ChessBase"]
[SourceDate "2016.02.25"]
[SourceVersion "1"]
[SourceVersionDate "2016.02.25"]
[SourceQuality "1"]

1. d4 Nf6 2. Nf3 g6 3. c4 d5 4. cxd5 Nxd5 5. e4 Nb6 6. Nc3 Bg7 7. h3 0-0 8. Be3 Nc6 9. Rc1 e5 10. d5 Ne7 11. Be2 Bd7 12. 0-0 Nbc8 13. Qd2 Nd6 14. Bh6 f6 15. Bxg7 Kxg7 16. Rc2 g5 17. Nh2 Ng6 18. Bg4 Bxg4 19. hxg4 Qd7 20. g3 Rh8 21. Qe2 a6 22. Rfc1 Rhc8 23. Nf1 b5 24. b3 Ne7 25. Ne3 c6 26. Qf3 b4 27. dxc6 Rxc6 28. Ncd5 Ne8 29. Nxe7 Rxc2 30. N7f5+ 1-0

[Event "Hastings Masters op 91st"]
[Site "Hastings"]
[Date "2015.12.30"]
[Round "3"]
[White "Rayner, Francis"]
[Black "Gibbs, Daniel C"]
[Result "1/2-1/2"]
[WhiteElo "2106"]
[BlackElo "1796"]
[PlyCount "40"]
[EventDate "2015.12.28"]
[EventType "swiss"]
[EventRounds "9"]
[EventCountry "ENG"]
[SourceTitle "CBM 170 Extra"]
[Source "ChessBase"]
[SourceDate "2016.02.25"]
[SourceVersion "1"]
[SourceVersionDate "2016.02.25"]
[SourceQuality "1"]

1. e4 d5 2. exd5 Qxd5 3. Nc3 Qd8 4. d4 Nf6 5. Bc4 a6 6. Nf3 b5 7. Bb3 c5 8. dxc5 Qxd1+ 9. Kxd1 e6 10. Be3 Nc6 11. h3 Bb7 12. Ke2 Rc8 13. a4 b4 14. Nb5 Ne4 15. Rhd1 Nxc5 16. Nd6+ Bxd6 17. Rxd6 Nxb3 18. cxb3 0-0 19. Rd7 Na5 20. Rad1 Bd5 1/2-1/2

[Event "Hastings Masters op 88th"]
[Site "Hastings"]
[Date "2013.01.03"]
[Round "7"]
[White "Cafferty, Bernard"]
[Black "Gibbs, Daniel C"]
[Result "1-0"]
[WhiteElo "2105"]
[BlackElo "1795"]
[PlyCount "74"]
[EventDate "2012.12.28"]
[EventType "swiss"]
[EventRounds "10"]
[EventCountry "ENG"]
[SourceTitle "CBM 152 Extra"]
[Source "ChessBase"]
[SourceDate "2013.02.25"]
[SourceVersion "1"]
[SourceVersionDate "2013.02.25"]
[SourceQuality "1"]

1. c4 g6 2. Nc3 Bg7 3. d4 d6 4. e4 e5 5. d5 Nf6 6. Nf3 0-0 7. Be2 a5 8. 0-0 Na6 9. Qc2 Nc5 10. Re1 Bd7 11. Bf1 Qe8 12. Bd2 Nh5 13. Nb5 Qb8 14. Bxa5 Bxb5 15. cxb5 Rxa5 16. b4 Ra3 17. bxc5 Bh6 18. Nd2 Bxd2 19. Qxd2 dxc5 20. Qb2 Ra4 21. Qxe5 Re8 22. Qc3 Raxe4 23. Rxe4 Rxe4 24. Qxc5 Qd8 25. Rd1 Qd6 26. Rc1 Nf4 27. Qxd6 cxd6 28. g3 Nxd5 29. Rd1 Nc3 30. Rxd6 Nxa2 31. Rd7 Nc3 32. Rxb7 Rb4 33. h4 h5 34. Kg2 Kg7 35. Rc7 Ne4 36. Rc4 Rxc4 37. Bxc4 Nc5 1-0

[Event "Hastings Masters op 88th"]
[Site "Hastings"]
[Date "2013.01.01"]
[Round "5"]
[White "Gibbs, Daniel C"]
[Black "Gunn, Michael J"]
[Result "0-1"]
[WhiteElo "1795"]
[BlackElo "1772"]
[PlyCount "20"]
[EventDate "2012.12.28"]
[EventType "swiss"]
[EventRounds "10"]
[EventCountry "ENG"]
[SourceTitle "CBM 152 Extra"]
[Source "ChessBase"]
[SourceDate "2013.02.25"]
[SourceVersion "1"]
[SourceVersionDate "2013.02.25"]
[SourceQuality "1"]

1. e4 e6 2. d4 d5 3. Nc3 Bb4 4. e5 Ne7 5. a3 Bxc3+ 6. bxc3 c5 7. Qg4 Qc7 8. Qxg7 Rg8 9. Qxh7 cxd4 10. f4 Qxc3+ 0-1

[Event "London e2e4 Diamond Jubilee op-C"]
[Site "London"]
[Date "2012.03.06"]
[Round "3"]
[White "Kourtseva, Julie"]
[Black "Gibbs, Daniel C"]
[Result "0-1"]
[WhiteElo "1784"]
[BlackElo "1793"]
[PlyCount "100"]
[EventDate "2012.06.02"]
[EventType "swiss"]
[EventRounds "7"]
[EventCountry "ENG"]
[SourceTitle "EXT 2014"]
[Source "ChessBase"]
[SourceDate "2013.11.20"]
[SourceVersion "1"]
[SourceVersionDate "2013.11.20"]
[SourceQuality "1"]

1. d4 g6 2. Nf3 Bg7 3. e4 d6 4. c3 Nc6 5. Bd3 e5 6. Be3 Bg4 7. dxe5 Nxe5 8. Be2 Nxf3+ 9. Bxf3 Bxf3 10. Qxf3 Nf6 11. Nd2 0-0 12. 0-0 Re8 13. Rfe1 Re6 14. Bg5 h6 15. Bh4 g5 16. Bg3 Qe7 17. Re3 h5 18. h3 g4 19. hxg4 Nxg4 20. Re2 Rg6 21. Rae1 h4 22. Bf4 Be5 23. Nc4 Bxf4 24. Qxf4 h3 25. g3 Qe6 26. b3 b5 27. Ne3 Ne5 28. Rd1 h2+ 29. Kh1 Qh3 30. Ree1 Re8 31. Nf5 Ree6 32. Qh4 Qg4 33. Qxg4 Nxg4 34. Re2 Rgf6 35. Rde1 Rxe4 36. Rxe4 Nxf2+ 37. Kxh2 Rxf5 38. Re7 Rc5 39. Kg2 Nd3 40. Rf1 Ne5 41. Re8+ Kg7 42. Rc1 Nd3 43. Rd1 Ne5 44. Ra8 Rxc3 45. Rxa7 Rc2+ 46. Kh3 f5 47. Rd5 Kg6 48. Rxb5 Ng4 49. Rxf5 Kxf5 50. Ra5+ c5 0-1

[Event "Brighton e2e4 Major-B"]
[Site "Brighton"]
[Date "2012.02.18"]
[Round "7"]
[White "Gibbs, Daniel C"]
[Black "Georgiev, Ivan1111"]
[Result "1/2-1/2"]
[WhiteElo "1807"]
[BlackElo "1796"]
[PlyCount "76"]
[EventDate "2012.02.15"]
[EventType "swiss"]
[EventRounds "9"]
[EventCountry "ENG"]
[SourceTitle "EXT 2014"]
[Source "ChessBase"]
[SourceDate "2013.11.20"]
[SourceVersion "1"]
[SourceVersionDate "2013.11.20"]
[SourceQuality "1"]

1. d4 e6 2. e4 d5 3. e5 c5 4. c3 Nc6 5. g3 Qb6 6. Ne2 cxd4 7. cxd4 Nh6 8. Bh3 Nf5 9. Bxf5 exf5 10. Nbc3 Be6 11. Rb1 Bb4 12. Be3 0-0 13. h4 Na5 14. 0-0 Nc4 15. Bc1 Rac8 16. a3 Be7 17. Bg5 Qd8 18. Bxe7 Qxe7 19. Nf4 Rfd8 20. Qe2 Qd7 21. Rfc1 a6 22. a4 Rc7 23. Nd3 b6 24. b3 Na5 25. b4 Nc4 26. a5 b5 27. Nc5 Qc8 28. f4 Rxc5 29. bxc5 Qc6 30. Ra1 Bc8 31. Re1 Qg6 32. Kh2 Qe6 33. Nd1 Qc6 34. Ne3 Nxe3 35. Qxe3 Be6 36. Qf3 g6 37. Kg2 h5 38. Kf2 Kg7 1/2-1/2

[Event "Brighton e2e4 Major-B"]
[Site "Brighton"]
[Date "2012.02.16"]
[Round "3"]
[White "Gibbs, Daniel C"]
[Black "Kalairajah, Shyam"]
[Result "0-1"]
[WhiteElo "1807"]
[BlackElo "1830"]
[PlyCount "119"]
[EventDate "2012.02.15"]
[EventType "swiss"]
[EventRounds "9"]
[EventCountry "ENG"]
[SourceTitle "EXT 2014"]
[Source "ChessBase"]
[SourceDate "2013.11.20"]
[SourceVersion "1"]
[SourceVersionDate "2013.11.20"]
[SourceQuality "1"]

1. e4 e5 2. Nc3 Nf6 3. Bc4 Nc6 4. d3 Bb4 5. Nge2 d5 6. exd5 Nxd5 7. 0-0 Be6 8. Bb3 0-0 9. Ng3 Nxc3 10. bxc3 Bxc3 11. Rb1 Bxb3 12. Rxb3 Ba5 13. Qg4 Qd4 14. Qh3 Rad8 15. Nh5 f5 16. Bg5 Rd6 17. Be3 Qd5 18. c4 Qf7 19. Qf3 f4 20. Bc5 Nd4 21. Bxd4 Rxd4 22. Rb5 b6 23. Rxe5 g6 24. Ng3 fxg3 25. Qxf7+ Rxf7 26. Re8+ Kg7 27. Ra8 gxh2+ 28. Kxh2 c5 29. f3 Rxd3 30. Rf2 Rd2 31. Rxd2 Bxd2 32. Rd8 Bg5 33. Rd3 Kf6 34. g3 Ke6 35. f4 Bf6 36. Re3+ Kd6 37. Kg2 Bd4 38. Rd3 Re7 39. Kf3 Re1 40. Ra3 a5 41. Rb3 Kc6 42. Kg4 h6 43. f5 gxf5+ 44. Kxf5 Re3 45. Rb1 Rxg3 46. Rf1 Rg5+ 47. Ke6 Rg6+ 48. Ke7 h5 49. Rf8 Bf6+ 50. Kf7 Rh6 51. Rc8+ Kd7 52. Rb8 Bd8 53. Rb7+ Bc7 54. Kg7 Rd6 55. Ra7 h4 56. a4 h3 57. Kf7 h2 58. Ra8 h1Q 59. Rh8 Qf3+ 60. Kg7 0-1

[Event "Uxbridge e2e4 Major op"]
[Site "Uxbridge"]
[Date "2011.03.19"]
[Round "3"]
[White "Mavinkurve, Anuj"]
[Black "Gibbs, Daniel C"]
[Result "1-0"]
[WhiteElo "1602"]
[BlackElo "1834"]
[PlyCount "53"]
[EventDate "2011.03.18"]
[EventType "swiss"]
[EventRounds "5"]
[EventCountry "ENG"]
[SourceTitle "EXT 2023"]
[Source "ChessBase"]
[SourceDate "2022.10.05"]
[SourceVersion "1"]
[SourceVersionDate "2022.10.05"]
[SourceQuality "1"]

1. e4 g6 2. Nf3 Bg7 3. d4 d6 4. Bc4 e6 5. Nc3 a6 6. 0-0 Ne7 7. Be3 h6 8. Qd2 Nd7 9. Rad1 b5 10. Bb3 Bb7 11. a3 Nf6 12. d5 e5 13. Qd3 g5 14. Nxb5 0-0 15. Nc3 Nh5 16. Qe2 Nf4 17. Bxf4 gxf4 18. Nd2 Ng6 19. Qg4 Bc8 20. Qe2 Nh4 21. Qh5 f5 22. g3 fxe4 23. Qxh4 Bf6 24. Qxh6 Bg5 25. Qg6+ Kh8 26. Ncxe4 Rf5 27. g4 1-0

[Event "BCF-chT2d 0910 (4NCL) Demotion pool"]
[Site "England"]
[Date "2010.05.02"]
[Round "10.6"]
[White "Merry, Alan B"]
[Black "Gibbs, Daniel C"]
[Result "1-0"]
[WhiteElo "2074"]
[BlackElo "1858"]
[PlyCount "67"]
[EventDate "2009.10.24"]
[EventType "team-tourn"]
[EventRounds "4"]
[EventCountry "ENG"]
[SourceTitle "EXT 2010"]
[Source "ChessBase"]
[SourceDate "2010.11.25"]
[SourceVersion "1"]
[SourceVersionDate "2010.11.25"]
[SourceQuality "1"]
[WhiteTeam "Anglian Avengers"]
[BlackTeam "Guildford III"]
[WhiteTeamCountry "ENG"]
[BlackTeamCountry "ENG"]

1. d4 g6 2. e4 Bg7 3. c4 c5 4. d5 d6 5. Nc3 Nf6 6. f4 0-0 7. Nf3 e6 8. Be2 exd5 9. cxd5 Bg4 10. 0-0 a6 11. a4 Re8 12. Qc2 Nbd7 13. h3 Bxf3 14. Bxf3 b6 15. Qd3 Qc7 16. e5 c4 17. Qe2 Rac8 18. e6 fxe6 19. dxe6 Nf8 20. Kh2 Kh8 21. Nd5 Nxd5 22. Bxd5 b5 23. axb5 axb5 24. f5 Be5+ 25. Bf4 gxf5 26. Bxe5+ dxe5 27. Rxf5 e4+ 28. Kh1 Nxe6 29. Qxe4 Ng7 30. Qd4 Qg3 31. Raf1 Rcd8 32. Qf6 Qb8 33. Rg5 Qc7 34. Bf7 1-0